Marketing Managemet (Record no. 610090)

000 -LEADER
fixed length control field 00411nam a22001577a 4500
020 ## - INTERNATIONAL STANDARD BOOK NUMBER
International Standard Book Number 9788177586909
040 ## - CATALOGING SOURCE
Transcribing agency Nust
082 ## - DEWEY DECIMAL CLASSIFICATION NUMBER
Classification number 658.8
Author Mark KOT
100 ## - MAIN ENTRY--PERSONAL NAME
Personal name Keller Lane Kevin
9 (RLIN) 124130
110 ## - MAIN ENTRY--CORPORATE NAME
Corporate name or jurisdiction name as entry element Kotler, Philip
9 (RLIN) 124131
245 ## - TITLE STATEMENT
Title Marketing Managemet
250 ## - EDITION STATEMENT
Edition statement 12th Edition
260 ## - PUBLICATION, DISTRIBUTION, ETC.
Place of publication, distribution, etc. New Delhi:
Name of publisher, distributor, etc. Pearson Eductaion Pvt Ltd,
Date of publication, distribution, etc. 2006.
650 ## - SUBJECT ADDED ENTRY--TOPICAL TERM
Topical term or geographic name entry element Marketing Managemet
9 (RLIN) 124132
942 ## - ADDED ENTRY ELEMENTS (KOHA)
Source of classification or shelving scheme
Koha item type Book
Holdings
Withdrawn status Lost status Source of classification or shelving scheme Damaged status Not for loan Permanent Location Current Location Shelving location Date acquired Total Checkouts Full call number Barcode Date last seen Price effective from Koha item type
          College of Electrical & Mechanical Engineering (CEME) College of Electrical & Mechanical Engineering (CEME) General Stacks 07/06/2024   658.8 KOT CEME- 46153 07/06/2024 07/06/2024 Book
© 2023 Central Library, National University of Sciences and Technology. All Rights Reserved.